Statistiques concernant Communes du Canton de Fribourg

Cliquez ici pour prendre le quiz!

Statistiques générales

  • Ce quiz a été pris 565 fois
  • Le résultat moyen est 53 sur 128

Réponses sur la Carte

Les réponses sont colorées sur une échelle allant du rouge au vert en fonction du pourcentage des utilisateurs qui les ont devinées à leur premier essai. Vous pouvez retrouver ces pourcentages ci-dessous.
 

Statistiques - réponses

HabitantsCommune% Correct
38 197Fribourg
95%
23 871Bulle
87%
8 259Morat
81%
9 762Estavayer
80%
5 366Romont
76%
8 138Marly
75%
7 216Châtel-Saint-Denis
73%
2 538Val-de-Charmey
72%
12 228Villars-sur-Glâne
68%
727Charmey
67%
8 181Guin
66%
1 972Gruyères
65%
1 543Matran
65%
2 627Broc
64%
7 639Tavel
62%
643Bellegarde
60%
864Granges-Paccot
60%
1 925Avry
59%
3 773Granges (Veveyse)
58%
1 744La Roche
58%
3 177Givisiez
56%
1 959Marsens
56%
2 791Riaz
56%
1 524Rue
53%
3 280Belfaux
52%
5 029Chiètres
50%
5 468Courtepin
50%
7 606Gibloux
50%
3 135Le Mouret
50%
1 119Sorens
50%
2 435Vuadens
49%
2 330Vuisternens-
devant-Romont
49%
3 562Attalens
48%
1 071Vaulruz
48%
1 504Cottens
47%
3 621Planfayon
47%
5 559Belmont-Broye
46%
1 559Haut-Intyamon
46%
1 435Semsales
46%
908Corbières
45%
2 717Corminboeuf
45%
3 271Ursy
45%
1 767Cugy
44%
681Hauteville
44%
638Morlon
44%
595Pont-la-Ville
44%
1 483Treyvaux
44%
5 569Wünnewil-Flamatt
44%
1 549Bas-Intyamon
43%
2 212Grolley
43%
2 664Neyruz
43%
2 281Siviriez
43%
1 512Bossonnens
42%
2 531Hauterive
42%
616Botterens
41%
2 317Cheyres-Châbles
41%
2 303Villaz
41%
1 173Delley-Portalban
40%
829Echarlens
40%
1 920Pont-en-Ogoz
40%
1 441Sâles
40%
796Autigny
39%
842Chénens
39%
4 015Mont-Vully
39%
1 152Remaufens
39%
335Ecublens
38%
847Grandvillard
38%
2 246Prez
38%
1 097Gletterens
37%
3 409Bösingen
36%
4 404Cormondes
36%
1 835Saint-Aubin
36%
2 052La Brillaz
35%
1 336Le Pâquier
35%
1 178Lully
35%
2 116Misery-Courtion
35%
2 677Montagny
35%
394Montet (Glâne)
35%
4 037Schmitten
35%
1 115Surpierre
35%
786Billens-Hennens
33%
1 428Courgevaux
33%
1 638Giffers
33%
1 013Plasselb
33%
1 028Saint-Martin
33%
1 345Saint-Ours
33%
1 254La Verrerie
32%
973Torny
32%
455Vallon
32%
1 003Cressier
31%
398Crésuz
31%
1 044Mézières
31%
266Ferpicloz
30%
1 402Heitenried
30%
364Le Châtelard
30%
1 068Fétigny
29%
1 173La Sonnaz
29%
954Montilier
29%
750Ponthaux
29%
971Saint-Sylvestre
29%
304Sévaz
29%
1 338Tentlingen
29%
2 273Bois-d'Amont
28%
295Châtel-sur-
Montsalvens
28%
702Kleinbösingen
28%
1 498Villorsonnens
28%
1 201Le Flon
27%
1 520Les Montets
27%
533Massonnens
27%
160Pierrafortscha
27%
282Auboranges
26%
302Chapelle (Glâne)
26%
830Châtonnaye
26%
222Grangettes
26%
72Prévondavaux
26%
72Villarsel-sur-Marly
26%
1 108Dirlaret
25%
437Ménières
25%
1 160Ried bei Kerzers
25%
573Meyriez
24%
2 379Ueberstorf
24%
653Brünisried
23%
484Châtillon
23%
454Frasses
23%
173Greng
23%
446Nuvilly
23%
449Ormey
22%
313Champagny
18%

Distribution des résultats

Percentile par nombre de réponses

% des personnes avec chaque résultat

Votre développement - résultats

Vous n’avez pas pris ce quiz